| 000 | 00820nam a22002537a 4500 | ||
|---|---|---|---|
| 003 | OSt | ||
| 005 | 20140310181914.0 | ||
| 008 | 130715t xxu||||| |||| 00| 0 eng d | ||
| 020 | _a1574712470 | ||
| 050 |
_aLB 3013 _b.T329 1997 |
||
| 082 |
_aTR 371.10 _bT27 1997 |
||
| 100 |
_aTerry, Alice _9277 |
||
| 245 |
_aEvery teacher's guide to classroom management/ _cTerry, Alice |
||
| 260 |
_aCypress, CA : _bCreative Teaching Press, Inc, _cc1997. |
||
| 300 |
_a144 p. : _bill. ; _c29 cm. |
||
| 520 | _aOffers a wide assortment of practical, easy-to-implement classroom management techniques. | ||
| 521 | _aFaculty | ||
| 541 | _j1 | ||
| 562 | _e1 | ||
| 650 |
_aClassroom management. _974 |
||
| 650 |
_aClassroom setup. _9278 |
||
| 650 |
_aCommunication strategies _xclassroom _9279 |
||
| 942 |
_2lcc _cBK-TR _kTR |
||
| 999 |
_c6655 _d6655 |
||